روائع الحكم والأمثال العربية والعالمية / (رقم التسجيلة. 138951)

تفاصيل مارك
000 -LEADER
fixed length control field 00598nam a22001817a 4500
005 - DATE AND TIME OF LATEST TRANSACTION
control field 20251108175636.0
008 - FIXED-LENGTH DATA ELEMENTS--GENERAL INFORMATION
fixed length control field 250721s2019 xx 000 0 ara d
082 14 - DEWEY DECIMAL CLASSIFICATION NUMBER
Classification number م/818.02/دنو
100 1# - MAIN ENTRY--PERSONAL NAME
Personal name دنون، محمود كامل
245 10 - TITLE STATEMENT
Title روائع الحكم والأمثال العربية والعالمية /
264 1# - PRODUCTION, PUBLICATION, DISTRIBUTION, MANUFACTURE, AND COPYRIGHT NOTICE
Place of production, publication, distribution, manufacture عمان :
Name of producer, publisher, distributor, manufacturer دار كنوز المعرفة للنشر،
Date of production, publication, distribution, manufacture, or copyright notice 2019.
300 ## - PHYSICAL DESCRIPTION
Extent 691ص.
490 0# - SERIES STATEMENT
Series statement موسوعة كنوز المعرفة
650 17 - SUBJECT ADDED ENTRY--TOPICAL TERM
Topical term or geographic name as entry element الادب العربي
650 17 - SUBJECT ADDED ENTRY--TOPICAL TERM
Topical term or geographic name as entry element الحكم والامثال
942 ## - ADDED ENTRY ELEMENTS (KOHA)
Source of classification or shelving scheme Dewey Decimal Classification
Koha item type مراجع
المقتنيات
حالة السحب حالة الفقدان مصدر التصنيف حالة التلف غير قابل للإعارة المكتبة الرئيسية المكتبة الحالية موقع الرف تاريخ التزويد الرقم المتسلسل Total Checkouts رقم الإستدعاء الباركود تاريخ آخر ظهور تاريخ الفاتورة نوع المادة (كوها)
    Dewey Decimal Classification   Not For Loan المكتبة المركزية المكتبة المركزية مراجع 28/07/2025 1693650   م/818.02/دنو PLD00439656 28/07/2025 28/07/2025 مراجع
    Dewey Decimal Classification   Not For Loan المكتبة المركزية المكتبة المركزية مراجع 10/07/2019 1711241   م/818.02/دنو PLD00457073 28/07/2025 10/07/2019 مراجع
    Dewey Decimal Classification   Not For Loan المكتبة المركزية المكتبة المركزية مراجع 05/02/2020 1741285   م/818.02/دنو PLD00485244 28/07/2025 05/02/2020 مراجع
    Dewey Decimal Classification   Not For Loan مكتبة أبو علندا العامة مكتبة أبو علندا العامة مراجع 04/02/2019 1693654   م/818.02/دنو PLD00443887 28/07/2025 04/02/2019 مراجع
    Dewey Decimal Classification   Not For Loan مكتبة أبو علندا العامة مكتبة أبو علندا العامة مراجع 05/02/2020 1741286   م/818.02/دنو PLD00485245 28/07/2025 05/02/2020 مراجع
    Dewey Decimal Classification   Not For Loan مكتبة البراعم الواعدة مكتبة البراعم الواعدة مراجع 10/07/2019 1711242   م/818.02/دنو PLD00457074 28/07/2025 10/07/2019 مراجع
    Dewey Decimal Classification   Not For Loan مكتبة الجويدة مكتبة الجويدة مراجع 04/02/2019 1693653   م/818.02/دنو PLD00443886 28/07/2025 04/02/2019 مراجع
    Dewey Decimal Classification   Not For Loan مكتبة الجويدة مكتبة الجويدة مراجع 05/02/2020 1741288   م/818.02/دنو PLD00485247 28/07/2025 05/02/2020 مراجع
    Dewey Decimal Classification   Not For Loan مكتبة الحسن العامة مكتبة الحسن العامة مراجع 04/02/2019 1693652   م/818.02/دنو PLD00443885 28/07/2025 04/02/2019 مراجع
    Dewey Decimal Classification   Not For Loan مكتبة بيت السينما مكتبة بيت السينما مراجع 10/07/2019 1711244   م/818.02/دنو PLD00457076 28/07/2025 10/07/2019 مراجع
    Dewey Decimal Classification   Not For Loan مكتبة صويلح العامة مكتبة صويلح العامة مراجع 04/02/2019 1693651   م/818.02/دنو PLD00443884 28/07/2025 04/02/2019 مراجع
    Dewey Decimal Classification   Not For Loan مكتبة صويلح العامة مكتبة صويلح العامة مراجع 05/02/2020 1741289   م/818.02/دنو PLD00485248 28/07/2025 05/02/2020 مراجع
Implemented & Customized by: BBB with SCIT (Smart Chains for Information Technology)

Powered by Koha